| 000 | 00965nas1a22002411i 4500 | ||
|---|---|---|---|
| 001 | RU\NLR\Per\791152 | ||
| 005 | 20260407083202.0 | ||
| 035 | _a(NLR Aleph) 003036009 | ||
| 090 |
_a2003920 _c2003920 |
||
| 100 | _a20110816a20089999|||y0rusy50 ca | ||
| 101 | 0 | _arus | |
| 102 | _aRU | ||
| 110 | _azu||||||||| | ||
| 200 | 1 |
_aНаучный Башкортостан _eальманах _fАкад. наук Респ. Башкортостан, Башк. гос. пед. ун-т им. М. Акмуллы |
|
| 210 |
_aУфа _cВагант _d2009 - |
||
| 225 | 2 | _aУфимская книга | |
| 606 | 1 |
_aНаука _jПериодические издания _yБашкортостан, Республика _92102840 _3RU\NLR\AUTH\661271588 |
|
| 686 | 1 | _aЧ214(2Р-6Б)я54 | |
| 712 | 0 | 2 |
_4570 _aАкадемия наук Республики Башкортостан _cУфа _3RU\NLR\AUTH\889694 _9291857 |
| 852 |
_aNLR _jП1/838 |
||
| 942 | _cSE | ||
| 980 | _aRUSPER | ||